Els Déus sobirans dels Indoeuropeus / Georges Dumézil ; traducció de Carles Boluda i Torrella ; edició a cura de Joan Frigolé ; pròleg d'Eugenio Trias
Descripción Física:
279 p. ; 20 cm
Colección:
Clàssics del pensament modern ; 28
Materias:
Mitologia indoeuropea
MARC
| LEADER | 00000nam a2200000Ia 4500 | ||
|---|---|---|---|
| 001 | 1800 | ||
| 008 | 160829s1985 xx 000 0 cat d | ||
| 080 | |a F-1-33 | ||
| 100 | |a Dumézil, Georges |9 27192 | ||
| 245 | |a Els Déus sobirans dels Indoeuropeus / Georges Dumézil ; traducció de Carles Boluda i Torrella ; edició a cura de Joan Frigolé ; pròleg d'Eugenio Trias | ||
| 260 | |a Barcelona : |b Edicions 62 : |b Diputació de Barcelona, |c 1985 | ||
| 300 | |a 279 p. ; |c 20 cm | ||
| 490 | |a Clàssics del pensament modern ; 28 | ||
| 650 | |a Mitologia indoeuropea |9 27193 | ||
| 700 | 1 | |a Boluda i Torrella, Carles |e traductor |9 27194 | |
| 700 | 1 | |a Frigolé, Joan, |d 1943- |e editor |9 26389 | |
| 700 | |a Trías, Eugenio, pr. I |9 27195 |e autor del pròleg | ||
| 710 | 1 | |a Barcelona (Catalunya : Província). |b Diputació |9 52408 | |
| 901 | |a Arxiu | ||
| 942 | |n 1 |2 udc | ||
| 952 | |0 0 |1 0 |4 0 |6 F133 |7 1 |9 44306 |a Arxiu |b Arxiu |d 2016-12-01 |l 0 |o F-1-33 |p 1800 |r 2016-12-01 00:00:00 |w 2016-12-01 |y ARXIU | ||
| 999 | |c 46886 |d 46886 | ||